| 000 | 01147cam a22003014a 4500 | ||
|---|---|---|---|
| 999 |
_c26813 _d26785 |
||
| 001 | 13451267 | ||
| 005 | 20180716142433.0 | ||
| 008 | 040107s2004 dcua b i000 0 eng | ||
| 010 | _a 2004040700 | ||
| 020 | _a082135678X (pbk.) | ||
| 020 | _a9780821356784 | ||
| 040 |
_aDLC _beng _cDLC _dDLC _dwau |
||
| 042 | _apcc | ||
| 043 |
_aaw----- _aff----- |
||
| 082 | 0 | 4 |
_a331.120420956 _bUNL _222 |
| 245 | 0 | 0 |
_aUnlocking the employment potential in the Middle East and North Africa : _btoward a new social contract. |
| 260 |
_aWashington : _bThe International Bank for Reconstruction and Development / World Bank, _cc.2004. |
||
| 300 |
_axxi, 262 p. : _bill. ; _c26 cm. |
||
| 490 | 0 | _aOrientations in development series | |
| 504 | _aIncludes bibliographical references (p. 231-251) and index. | ||
| 650 | 7 |
_aLabor market _zMiddle East. _2BUEsh |
|
| 650 | 7 |
_aLabor market _zAfrica, North. _2BUEsh |
|
| 651 | _2BUEsh | ||
| 653 |
_bBUSADM _cJuly2018 |
||
| 710 | 1 | _aWorld Bank. | |
| 942 | _2ddc | ||